La hija del rey /

שמור ב:
מידע ביבליוגרפי
מחבר ראשי: Peón y Contreras, José (autor)
מחברים אחרים: Abreu Gómez, Ermilo (prólogo) (prólogo)
פורמט: ספר
שפה:ספרדית
סדרה:(Biblioteca del Estudiante Universitario ; 29)
נושאים:
תגים: הוספת תג
אין תגיות, היה/י הראשונ/ה לתייג את הרשומה!

MARC

LEADER 00000nam^a2200000^a^4500
001 000380214
005 20250521000000.0
009 20260310120549.951
037 |a Acervo Xavier Clavigero 
041 |a ESP 
082 |a 862.  |b PEO 
100 |a Peón y Contreras, José  |e (autor) 
240 1 4 |a [La hija del rey] 
245 1 3 |a La hija del rey /  |c J. Peón y Contreras ; pról. de E. Abreu Gómez. 
264 |a México :  |b UNAM,  |c 1941 
300 |a XXVI, 184 p. 
336 |a texto  |b txt  |2 rdacontenido 
337 |a sin mediación  |b n  |2 rdamedio 
338 |a volumen  |b nc  |2 rdasoporte 
440 1 |a (Biblioteca del Estudiante Universitario ;  |v 29) 
545 0 |a José Peón y Contreras (1843-1907), innovador del teatro romántico, fue un médico especializado en enfermedades mentales y escritor mexicano quien compaginó su vida profesional con su pasión por las letras. Desde su adolescencia se hizo notoria su calidad de escritor, sobre todo de teatro, aunque también escribió poesía y algunas novelas. Se destacó como médico y fue director del Hospital San Hipólito; participó en la política del país como diputado y luego como senador; fue también miembro de la Academia Mexicana de la Lengua. En la década de 1870 fue uno de los dramaturgos más solicitados y aplaudidos con obras como La cruz del paredón, (que escribió a los 17 años); ¡Hasta el cielo!; El sacrificio de la vida; Un amor de Hernán Cortés; Esperanzas; Juan de Villalpando; entre muchas otras, y La hija del rey, señalada como su mejor obra. Exceptuando una de sus obras, Lucha de honra y amor, su teatro es en versos octosílabos, ejemplo típico del drama histórico romántico. 
649 |a XX 
650 |a Romances 
650 |a Romanticismo (Literatura) 
650 |a Teatro Mexicano 
650 |a Teatro Histórico 
650 |a Literatura e Historia 
650 |a Literatura Mexicana -  |y Siglo XIX 
650 |a México -  |x Historia -  |y Epoca Colonial, 1517-1821 
700 |a Abreu Gómez, Ermilo  |e (prólogo) 
910 |a Fondo General 
920 |a Impresos - Libros 
930 |a Colección General 
940 |a Literatura 
905 |a 101 
901 |a 047826  |b IT1  |c LIT  |u 20250521 
902 |a https://opac.biblio.iteso.mx/vufind/Record/000380214